[Event "Titled Tuesday intern op 20th May Late"]
[Site "Chess.com INT"]
[Date "2025.05.20"]
[Round "10"]
[White "Bustelo, Tabare"]
[Black "Erece, Ece Alkim"]
[Result "0-1"]
[WhiteElo "2043"]
[BlackElo "1843"]
[PlyCount "128"]
[EventDate "2025.05.20"]
[EventType "swiss (blitz)"]
[EventRounds "11"]
[EventCountry "USA"]
[SourceTitle "CB22_2025"]
[SourceDate "2025.05.28"]
[SourceVersion "1"]
[SourceVersionDate "2025.05.28"]
[SourceQuality "1"]

1. d4 Nf6 2. Bg5 c5 3. Bxf6 exf6 4. Nf3 d5 5. Nc3 Be6 6. e3 Nc6 7. Bb5 a6 8. Bxc6+ bxc6 9. Qd2 Bd6 10. 0-0 0-0 11. h3 Rb8 12. b3 Qc7 13. Ne2 Rfe8 14. c3 a5 15. Rab1 Bf5 16. Rbd1 Qa7 17. g4 Be4 18. Ne1 a4 19. f3 Bg6 20. Nc1 cxd4 21. exd4 Rbd8 22. Ned3 Bb8 23. b4 Qc7 24. Rfe1 h5 25. a3 hxg4 26. hxg4 f5 27. Qg2 fxg4 28. fxg4 Be4 29. Qf2 Qe7 30. Rf1 Bg6 31. Nf4 Bxf4 32. Qxf4 Qe3+ 33. Qxe3 Rxe3 34. Na2 Rg3+ 35. Kh2 Rxg4 36. Rd2 Re8 37. Nc1 Re3 38. Ne2 Bd3 39. Rf2 Bxe2 40. Rdxe2 Rxc3 41. Rc2 Rxc2 42. Rxc2 Rxd4 43. Rxc6 Rd3 44. b5 Rxa3 45. b6 Rb3 46. Rc8+ Kh7 47. Ra8 Rxb6 48. Rxa4 Rd6 49. Rd4 Kg6 50. Kg3 Kf5 51. Kf3 Ke5 52. Rh4 d4 53. Rh5+ f5 54. Ke2 Ke4 55. Rh8 Re6 56. Rd8 g5 57. Kd2 g4 58. Rg8 Rb6 59. Re8+ Kf3 60. Rd8 g3 61. Rxd4 g2 62. Rd3+ Kf2 63. Kc2 g1Q 64. Rf3+ Kxf3 0-1

[Event "Titled Tuesday intern op 20th May Late"]
[Site "Chess.com INT"]
[Date "2025.05.20"]
[Round "5"]
[White "Erece, Ece Alkim"]
[Black "Albertini, Luca"]
[Result "1-0"]
[WhiteElo "1843"]
[BlackElo "2139"]
[PlyCount "59"]
[EventDate "2025.05.20"]
[EventType "swiss (blitz)"]
[EventRounds "11"]
[EventCountry "USA"]
[SourceTitle "CB22_2025"]
[SourceDate "2025.05.28"]
[SourceVersion "1"]
[SourceVersionDate "2025.05.28"]
[SourceQuality "1"]

1. e4 e5 2. Nf3 Nc6 3. Bc4 Bc5 4. c3 Nf6 5. d3 h6 6. 0-0 a6 7. d4 exd4 8. cxd4 Ba7 9. d5 Nb8 10. e5 Ng8 11. d6 b5 12. Bxf7+ Kxf7 13. Qd5+ Kg6 14. Qe4+ Kf7 15. Qxa8 Nc6 16. Nc3 cxd6 17. exd6 Nf6 18. Be3 Bxe3 19. fxe3 Qb6 20. Rae1 Rd8 21. Ne5+ Nxe5 22. Qd5+ Kg6 23. Qxe5 Bb7 24. Ne2 Re8 25. Rxf6+ gxf6 26. Qxe8+ Kg5 27. Nd4 Qxd6 28. Qg8+ Kh5 29. g4+ Kh4 30. Nf5+ 1-0

[Event "Titled Tuesday intern op 20th May Late"]
[Site "Chess.com INT"]
[Date "2025.05.20"]
[Round "3"]
[White "Erece, Ece Alkim"]
[Black "Grot, Blazej"]
[Result "0-1"]
[WhiteElo "1843"]
[BlackElo "2217"]
[PlyCount "130"]
[EventDate "2025.05.20"]
[EventType "swiss (blitz)"]
[EventRounds "11"]
[EventCountry "USA"]
[SourceTitle "CB22_2025"]
[SourceDate "2025.05.28"]
[SourceVersion "1"]
[SourceVersionDate "2025.05.28"]
[SourceQuality "1"]

1. e4 c6 2. d4 d5 3. exd5 cxd5 4. Bd3 Nf6 5. Nf3 Nc6 6. 0-0 Bg4 7. c3 e6 8. Bf4 Bd6 9. Bxd6 Qxd6 10. Nbd2 0-0 11. h3 Bh5 12. Re1 Bg6 13. Qe2 Rab8 14. Bxg6 hxg6 15. Ne5 b5 16. a3 a5 17. b4 a4 18. Rad1 Rfc8 19. Qd3 Ne7 20. Rc1 Rc7 21. Qe2 Nf5 22. Nd3 Nd7 23. Nf3 Rbc8 24. Nc5 Nxc5 25. bxc5 Qd7 26. Rb1 Rb8 27. Ne5 Qe8 28. Rb2 Rcb7 29. Reb1 Ne7 30. Re1 Nc8 31. Qg4 Na7 32. Rbe2 Re7 33. h4 Nc6 34. Nf3 Na5 35. g3 Nc4 36. Ra1 f6 37. Kg2 Rd8 38. Rh1 e5 39. h5 e4 40. Nh4 gxh5 41. Qf5 Qd7 42. Qxh5 e3 43. Ng6 Re4 44. Qh7+ Kf7 45. f3 Ree8 46. Nf4 Rg8 47. Qg6+ Kf8 48. Rh7 Qf7 49. Qg4 f5 50. Qg5 Qf6 51. Qh5 Ke7 52. Ng6+ Kd7 53. Ne5+ Nxe5 54. dxe5 Qxe5 55. Qf7+ Qe7 56. Qxd5+ Kc7 57. Qxf5 Rd2 58. Qf4+ Kc6 59. Rxd2 exd2 60. Qxd2 Rd8 61. Qg5 Qxg5 62. Rh4 Rd2+ 63. Kh3 Qf5+ 64. Rg4 Qxf3 65. Rg6+ Kxc5 0-1

[Event "Titled Tuesday intern op 20th May Late"]
[Site "Chess.com INT"]
[Date "2025.05.20"]
[Round "6"]
[White "Erece, Ece Alkim"]
[Black "Zavortink, Matt B"]
[Result "1/2-1/2"]
[WhiteElo "1843"]
[BlackElo "2135"]
[PlyCount "59"]
[EventDate "2025.05.20"]
[EventType "swiss (blitz)"]
[EventRounds "11"]
[EventCountry "USA"]
[SourceTitle "CB22_2025"]
[SourceDate "2025.05.28"]
[SourceVersion "1"]
[SourceVersionDate "2025.05.28"]
[SourceQuality "1"]

1. e4 c5 2. Nf3 g6 3. c3 d5 4. exd5 Qxd5 5. d4 Bg7 6. Be3 cxd4 7. cxd4 Qa5+ 8. Nc3 Nh6 9. h3 Nf5 10. Bc4 Qc7 11. Qe2 Nxe3 12. fxe3 Qg3+ 13. Qf2 Qxf2+ 14. Kxf2 0-0 15. Nd5 Nc6 16. Bb5 Bf6 17. Bxc6 bxc6 18. Nxf6+ exf6 19. Rhc1 Bd7 20. Rc5 Rfb8 21. b3 a5 22. Rac1 a4 23. Nd2 axb3 24. axb3 f5 25. R1c2 Be6 26. Rxc6 Bxb3 27. Nxb3 Rxb3 28. Rc8+ Rxc8 29. Rxc8+ Kg7 30. Rc6 1/2-1/2

[Event "Titled Tuesday intern op 20th May Late"]
[Site "Chess.com INT"]
[Date "2025.05.20"]
[Round "2"]
[White "Yanev, Tihomir"]
[Black "Erece, Ece Alkim"]
[Result "1/2-1/2"]
[WhiteElo "2354"]
[BlackElo "1843"]
[PlyCount "48"]
[EventDate "2025.05.20"]
[EventType "swiss (blitz)"]
[EventRounds "11"]
[EventCountry "USA"]
[SourceTitle "CB22_2025"]
[SourceDate "2025.05.28"]
[SourceVersion "1"]
[SourceVersionDate "2025.05.28"]
[SourceQuality "1"]

1. e4 c6 2. c3 d5 3. e5 Bf5 4. d4 e6 5. Ne2 h5 6. h4 Ne7 7. Ng3 Bg6 8. Bd3 Bxd3 9. Qxd3 a6 10. 0-0 c5 11. Bg5 cxd4 12. cxd4 Nbc6 13. Nc3 Qb6 14. Rfd1 g6 15. Bf6 Rg8 16. Na4 Qb5 17. Qc2 Nf5 18. Nxf5 gxf5 19. Bg5 Be7 20. Bxe7 Kxe7 21. Nc3 Qb6 22. Na4 Qb5 23. Nc3 Qb6 24. Na4 Qb5 1/2-1/2

[Event "Titled Tuesday intern op 12th Dec Late"]
[Site "Chess.com INT"]
[Date "2023.12.12"]
[Round "2"]
[White "Erece, Ece Alkim"]
[Black "Rangel, Daniel"]
[Result "0-1"]
[WhiteElo "1760"]
[BlackElo "2176"]
[PlyCount "90"]
[EventDate "2023.12.12"]
[EventType "swiss (blitz)"]
[EventRounds "11"]
[EventCountry "USA"]
[SourceTitle "EXT 2025"]
[Source "ChessBase"]
[SourceDate "2024.10.14"]
[SourceVersion "1"]
[SourceVersionDate "2024.10.14"]
[SourceQuality "1"]

1. e4 e5 2. Nf3 Nc6 3. Nc3 Bb4 4. Bb5 Bxc3 5. bxc3 d6 6. 0-0 Bd7 7. Rb1 Nf6 8. Re1 0-0 9. d4 Re8 10. Bxc6 Bxc6 11. d5 Bd7 12. Rxb7 Qc8 13. Rb1 Qa6 14. Bg5 Nh5 15. Nh4 g6 16. g4 Nf4 17. Bxf4 exf4 18. Ng2 g5 19. Qd4 Re5 20. h4 h6 21. hxg5 hxg5 22. f3 Qxa2 23. Rb7 Rc8 24. Reb1 Qxc2 25. Rb8 Kg7 26. R1b7 Qc1+ 27. Kh2 Qf1 28. Rxc8 Bxc8 29. Rxc7 Qxf3 30. Rxc8 Qg3+ 31. Kg1 f3 32. Qf2 Qxg4 33. Ra8 Rxe4 34. Kh2 Re2 35. Qd4+ Qxd4 36. cxd4 Rxg2+ 37. Kh1 g4 38. Rxa7 g3 39. Ra3 Rh2+ 40. Kg1 f2+ 41. Kf1 Rh1+ 42. Kg2 f1Q+ 43. Kxg3 Rg1+ 44. Kh4 Qf4+ 45. Kh3 Qh6# 0-1

[Event "Titled Tuesday intern op 12th Dec Late"]
[Site "Chess.com INT"]
[Date "2023.12.12"]
[Round "5"]
[White "Shton, Roman"]
[Black "Erece, Ece Alkim"]
[Result "1-0"]
[WhiteElo "2020"]
[BlackElo "1760"]
[PlyCount "95"]
[EventDate "2023.12.12"]
[EventType "swiss (blitz)"]
[EventRounds "11"]
[EventCountry "USA"]
[SourceTitle "EXT 2025"]
[Source "ChessBase"]
[SourceDate "2024.10.14"]
[SourceVersion "1"]
[SourceVersionDate "2024.10.14"]
[SourceQuality "1"]

1. d4 d5 2. Nf3 Nf6 3. g3 Bg4 4. Bg2 c6 5. Ne5 Bf5 6. c4 e6 7. Nc3 Nbd7 8. Nf3 dxc4 9. a4 Bb4 10. 0-0 0-0 11. Nd2 Nd5 12. Na2 c3 13. Nxb4 cxb2 14. Bxb2 Nxb4 15. a5 Nf6 16. e4 Bg4 17. Qb3 c5 18. Rfe1 Rc8 19. e5 Nfd5 20. Nc4 cxd4 21. Bxd4 b6 22. axb6 axb6 23. Nd6 Rc6 24. Ra7 Nc2 25. Bxd5 exd5 26. Qxd5 Nxe1 27. Qxc6 Nf3+ 28. Kg2 Nxd4 29. Qc4 Bf3+ 30. Kg1 Ne2+ 31. Kf1 b5 32. Qd3 Bh5 33. Qe4 Qb6 34. Ra2 Qc5 35. Rxe2 Bxe2+ 36. Qxe2 b4 37. Ne4 Qc1+ 38. Kg2 b3 39. Qg4 b2 40. Nf6+ Kh8 41. Nh5 g6 42. Nf4 b1Q 43. Qg5 Qf5 44. Qh6 Qh5 45. Nxh5 gxh5 46. Qf6+ Kg8 47. Qf5 Re8 48. Qxh5 1-0

[Event "Titled Tuesday intern op 21st Nov Late"]
[Site "Chess.com INT"]
[Date "2023.11.21"]
[Round "2"]
[White "Della Morte, German"]
[Black "Erece, Ece Alkim"]
[Result "1-0"]
[WhiteElo "2322"]
[BlackElo "1760"]
[PlyCount "69"]
[EventDate "2023.11.21"]
[EventType "swiss (blitz)"]
[EventRounds "11"]
[EventCountry "USA"]
[SourceTitle "EXT 2025"]
[Source "ChessBase"]
[SourceDate "2024.10.14"]
[SourceVersion "1"]
[SourceVersionDate "2024.10.14"]
[SourceQuality "1"]

1. e4 c5 2. Nc3 a6 3. g3 b5 4. Bg2 Bb7 5. d3 e6 6. f4 Nf6 7. Nf3 d6 8. 0-0 Be7 9. Ne2 Nc6 10. h3 Qc7 11. Be3 d5 12. e5 Ng8 13. c3 h5 14. d4 cxd4 15. Nexd4 Nh6 16. Nxc6 Bxc6 17. Nd4 Bb7 18. Re1 Bc5 19. Bf2 Rc8 20. Qxh5 g6 21. Qd1 b4 22. Rc1 Qb6 23. cxb4 Bxb4 24. Qa4+ Kf8 25. Rxc8+ Bxc8 26. Nxe6+ Qxe6 27. Qxb4+ Kg7 28. Qd6 Qxd6 29. exd6 Nf5 30. g4 Nxd6 31. Bd4+ f6 32. Re7+ Kf8 33. Bxf6 Rg8 34. Bxd5 Ne8 35. Rf7# 1-0

[Event "TUR-ch (Women)"]
[Site "Izmir"]
[Date "2023.10.19"]
[Round "5"]
[White "Karadas, Hena"]
[Black "Erece, Ece Alkim"]
[Result "1-0"]
[WhiteElo "1371"]
[BlackElo "1767"]
[PlyCount "59"]
[EventDate "2023.10.16"]
[EventType "tourn"]
[EventRounds "9"]
[EventCountry "TUR"]
[SourceTitle "CBM 216 Extra"]
[Source "ChessBase"]
[SourceDate "2023.11.30"]
[SourceVersion "1"]
[SourceVersionDate "2023.11.30"]
[SourceQuality "1"]

1. e4 c5 2. Nf3 g6 3. c3 Bg7 4. d4 cxd4 5. cxd4 d5 6. e5 e6 7. Nc3 a6 8. Bd3 Bd7 9. 0-0 Ne7 10. Bg5 b5 11. Qd2 h6 12. Bh4 Nbc6 13. Rae1 Qb6 14. Bf6 0-0 15. Qf4 Kh7 16. g4 Rae8 17. Ne2 Na5 18. Ng3 Bxf6 19. exf6 Ng8 20. g5 Qd8 21. h4 e5 22. Rxe5 Nc4 23. Rxd5 Nxb2 24. Bb1 Qc8 25. Ne5 Be6 26. Rc5 Qb7 27. Be4 Qa7 28. h5 Rc8 29. Nxg6 Rfd8 30. Ne7+ 1-0

[Event "TUR-ch (Women)"]
[Site "Izmir"]
[Date "2023.10.18"]
[Round "4"]
[White "Erece, Ece Alkim"]
[Black "Mustu, Hatice Asli"]
[Result "1/2-1/2"]
[WhiteElo "1767"]
[BlackElo "1899"]
[PlyCount "97"]
[EventDate "2023.10.16"]
[EventType "tourn"]
[EventRounds "9"]
[EventCountry "TUR"]
[SourceTitle "CBM 216 Extra"]
[Source "ChessBase"]
[SourceDate "2023.11.30"]
[SourceVersion "1"]
[SourceVersionDate "2023.11.30"]
[SourceQuality "1"]

1. e4 c5 2. Nf3 Nc6 3. Bb5 g6 4. 0-0 Bg7 5. Bxc6 dxc6 6. d3 Nf6 7. h3 Nd7 8. Nc3 h6 9. Be3 e5 10. Qd2 Qe7 11. Nh2 Nf8 12. f4 exf4 13. Bxf4 Ne6 14. Bg3 Nd4 15. Rae1 Be5 16. Bxe5 Qxe5 17. Nd5 Be6 18. Nf6+ Ke7 19. c3 Nb5 20. a4 Nd6 21. d4 Qg5 22. Qxg5 hxg5 23. d5 Bf5 24. e5 Nc4 25. d6+ Nxd6 26. exd6+ Kxf6 27. g4 Rxh3 28. gxf5 gxf5 29. Kg2 Rh4 30. d7 Rd8 31. Rd1 Rxa4 32. Rfe1 Re4 33. Rxe4 fxe4 34. Kg3 Ke6 35. Kg4 Rxd7 36. Rxd7 Kxd7 37. Kxg5 Ke6 38. Kf4 Kd5 39. b3 c4 40. b4 b5 41. Ng4 c5 42. Nf6+ Kc6 43. Kxe4 cxb4 44. cxb4 Kb6 45. Nd5+ Kc6 46. Kd4 a6 47. Nc3 Kb6 48. Nd5+ Kc6 49. Nc3 1/2-1/2

[Event "Titled Tuesday intern op 12th Sep Late"]
[Site "Chess.com INT"]
[Date "2023.09.12"]
[Round "3"]
[White "Erece, Ece Alkim"]
[Black "Dushyant, Sharma"]
[Result "1-0"]
[WhiteElo "1767"]
[BlackElo "2339"]
[PlyCount "97"]
[EventDate "2023.09.12"]
[EventType "swiss (blitz)"]
[EventRounds "11"]
[EventCountry "USA"]
[SourceTitle "EXT 2024"]
[Source "ChessBase"]
[SourceDate "2023.10.10"]
[SourceVersion "1"]
[SourceVersionDate "2023.10.10"]
[SourceQuality "1"]

1. d4 d5 2. Nf3 e6 3. e3 f5 4. b3 Nf6 5. Bb2 Bd6 6. Bd3 0-0 7. Nbd2 c5 8. 0-0 Nc6 9. Ne5 Ne4 10. f3 Nxd2 11. Qxd2 Nxe5 12. dxe5 Bc7 13. Rfd1 b6 14. c4 Bb7 15. cxd5 exd5 16. Qc2 Qg5 17. f4 Qg6 18. Rd2 Rad8 19. Rad1 h6 20. Rf2 Qc6 21. Bxf5 b5 22. Bh3 a5 23. e6 Rde8 24. Qg6 Re7 25. Bf5 Rxf5 26. Qxf5 Rxe6 27. Rf3 Rg6 28. Be5 d4 29. e4 Qxe4 30. Qxe4 Bxe4 31. Rg3 Rxg3 32. hxg3 Bxe5 33. fxe5 d3 34. Kf2 c4 35. bxc4 bxc4 36. Ke3 c3 37. Rxd3 c2 38. Rc3 Bf5 39. Kf4 Bg6 40. e6 Kf8 41. Ke5 Ke7 42. Rc7+ Ke8 43. Kd6 Kd8 44. e7+ Ke8 45. Rc8+ Kf7 46. e8Q+ Kf6 47. Qe5+ Kf7 48. Rc7+ Kg8 49. Qxg7# 1-0

[Event "Titled Tuesday intern op 28th Feb Early"]
[Site "Chess.com INT"]
[Date "2023.02.28"]
[Round "1"]
[White "Erece, Ece Alkim"]
[Black "Gunduz, Umut Erdem"]
[Result "0-1"]
[WhiteElo "1767"]
[BlackElo "2286"]
[PlyCount "84"]
[EventDate "2023.02.28"]
[EventType "swiss (blitz)"]
[EventRounds "11"]
[EventCountry "USA"]
[SourceTitle "CBM 213 Extra"]
[Source "ChessBase"]
[SourceDate "2023.05.31"]
[SourceVersion "1"]
[SourceVersionDate "2023.05.31"]
[SourceQuality "1"]

1. e4 e5 2. Nf3 d6 3. Bc4 Be7 4. 0-0 Nf6 5. Re1 0-0 6. d4 exd4 7. Nxd4 Nc6 8. Nc3 Bd7 9. Bg5 h6 10. Bh4 Re8 11. a3 Ne5 12. Bb3 Ng6 13. Bg3 a6 14. Nf5 Bxf5 15. exf5 Nf8 16. Nd5 N8d7 17. Qd4 Bf8 18. Rxe8 Nxe8 19. Re1 Nef6 20. Bh4 c6 21. Nf4 d5 22. Qe3 Qa5 23. Nd3 Re8 24. Qc1 Rxe1+ 25. Qxe1 Qxe1+ 26. Nxe1 Nc5 27. Ba2 Nfe4 28. f3 Nd6 29. g4 Na4 30. Nd3 Nc4 31. b3 Nc3 32. bxc4 Nxa2 33. cxd5 cxd5 34. Bf2 Bxa3 35. Nf4 Nc3 36. Bd4 Bc1 37. Bxc3 Bxf4 38. h4 f6 39. Bd4 Be5 40. Bf2 a5 41. Kf1 a4 42. Bc5 Bb2 0-1

[Event "Titled Tuesday intern op 18th Jan"]
[Site "Chess.com INT"]
[Date "2022.01.18"]
[Round "4"]
[White "Erece, Ece Alkim"]
[Black "Narayanan, Sunilduth Lyna"]
[Result "0-1"]
[WhiteElo "1760"]
[BlackElo "2658"]
[PlyCount "34"]
[EventDate "2022.01.18"]
[EventType "swiss (blitz)"]
[EventRounds "11"]
[EventCountry "USA"]
[SourceTitle "CBM 206 Extra"]
[Source "ChessBase"]
[SourceDate "2022.03.31"]
[SourceVersion "1"]
[SourceVersionDate "2022.03.31"]
[SourceQuality "1"]

1. Nf3 Nc6 2. g3 e5 3. d3 f5 4. Bg2 Nf6 5. 0-0 Be7 6. Nbd2 0-0 7. e4 d6 8. c3 Kh8 9. h3 Qe8 10. Nh2 fxe4 11. dxe4 Be6 12. Qe2 Qg6 13. Re1 Rf7 14. Ndf3 Nh5 15. Nh4 Bxh4 16. gxh4 Bxh3 17. Bg5 Bxg2 0-1

[Event "Titled Tuesday intern op 11th Jan"]
[Site "Chess.com INT"]
[Date "2022.01.11"]
[Round "4"]
[White "Erece, Ece Alkim"]
[Black "Saydaliev, Saidakbar"]
[Result "1-0"]
[WhiteElo "1760"]
[BlackElo "2356"]
[PlyCount "57"]
[EventDate "2022.01.11"]
[EventType "swiss (blitz)"]
[EventRounds "11"]
[EventCountry "USA"]
[SourceTitle "CBM 206 Extra"]
[Source "ChessBase"]
[SourceDate "2022.03.31"]
[SourceVersion "1"]
[SourceVersionDate "2022.03.31"]
[SourceQuality "1"]

1. e4 e5 2. Nf3 Nc6 3. Bc4 Nf6 4. Ng5 d5 5. exd5 Na5 6. Bb5+ c6 7. dxc6 bxc6 8. Be2 Nd5 9. d4 h6 10. Nf3 e4 11. Ne5 Bd6 12. c4 Nb4 13. a3 Bxe5 14. axb4 Bxd4 15. bxa5 Qf6 16. 0-0 0-0 17. Nc3 Bf5 18. Be3 c5 19. Nd5 Qe5 20. Bg4 Bxg4 21. Qxg4 f5 22. Qf4 Qe6 23. Bxd4 cxd4 24. Nc7 Qf6 25. Nxa8 Rxa8 26. Rfd1 g5 27. Qc7 f4 28. Qb7 Re8 29. Qd5+ 1-0

[Event "Titled Tuesday intern op 11th Jan"]
[Site "Chess.com INT"]
[Date "2022.01.11"]
[Round "5"]
[White "Erece, Ece Alkim"]
[Black "Shapkin, Anatoliy"]
[Result "0-1"]
[WhiteElo "1760"]
[BlackElo "2283"]
[PlyCount "102"]
[EventDate "2022.01.11"]
[EventType "swiss (blitz)"]
[EventRounds "11"]
[EventCountry "USA"]
[SourceTitle "CBM 206 Extra"]
[Source "ChessBase"]
[SourceDate "2022.03.31"]
[SourceVersion "1"]
[SourceVersionDate "2022.03.31"]
[SourceQuality "1"]

1. e4 e5 2. Nf3 Nc6 3. Bc4 Bc5 4. c3 Nf6 5. d4 exd4 6. e5 d5 7. Bb5 Ne4 8. cxd4 Bb6 9. Bxc6+ bxc6 10. Nc3 Nxc3 11. bxc3 Ba6 12. a4 Ba5 13. Bd2 Bc4 14. h4 Qd7 15. Ng5 0-0 16. Qf3 f6 17. Qh3 Qe7 18. Nf3 c5 19. h5 cxd4 20. cxd4 Bxd2+ 21. Kxd2 Qb4+ 22. Kd1 Qb3+ 23. Kd2 Qb2+ 24. Ke3 Qc3+ 25. Kf4 fxe5+ 26. Kg5 h6+ 27. Kh4 Rf4+ 28. Kg3 Raf8 29. dxe5 Rxf3+ 30. gxf3 Rxf3+ 31. Kg2 Rxh3 32. Rac1 Qa3 33. Rxh3 Qxc1 34. Re3 Qxe3 35. fxe3 Kf7 36. Kg3 Ke6 37. Kf4 c6 38. e4 c5 39. exd5+ Bxd5 40. a5 a6 41. Ke3 Kxe5 42. Kd3 c4+ 43. Kc3 Ke4 44. Kc2 Kd4 45. Kd2 c3+ 46. Kc2 Be4+ 47. Kb3 Kd3 48. Kb4 c2 49. Kc5 c1Q+ 50. Kb6 Qc6+ 51. Ka7 Qb7# 0-1

[Event "Titled Tuesday intern op 11th Jan"]
[Site "Chess.com INT"]
[Date "2022.01.11"]
[Round "6"]
[White "Lopusiewicz, Piotr"]
[Black "Erece, Ece Alkim"]
[Result "0-1"]
[WhiteElo "2301"]
[BlackElo "1760"]
[PlyCount "68"]
[EventDate "2022.01.11"]
[EventType "swiss (blitz)"]
[EventRounds "11"]
[EventCountry "USA"]
[SourceTitle "CBM 206 Extra"]
[Source "ChessBase"]
[SourceDate "2022.03.31"]
[SourceVersion "1"]
[SourceVersionDate "2022.03.31"]
[SourceQuality "1"]

1. d4 Nf6 2. c4 g6 3. Nc3 Bg7 4. e4 d6 5. Nf3 0-0 6. Be2 Na6 7. 0-0 e5 8. Re1 exd4 9. Nxd4 Nc5 10. Bf1 a5 11. f3 Re8 12. Be3 Nh5 13. Qd2 Be5 14. g4 Nf6 15. Rad1 h5 16. g5 Nfd7 17. f4 Bg7 18. Bg2 Nb6 19. b3 Bg4 20. Rb1 Qd7 21. Bf2 Bh3 22. Bf3 Bg4 23. Qd1 Ne6 24. Bxg4 hxg4 25. Nxe6 Bxc3 26. Nd4 Bxe1 27. Qxe1 Qe7 28. Qc3 Qxe4 29. Re1 Qxf4 30. Rf1 Qxg5 31. Nb5 g3 32. hxg3 Rac8 33. Bxb6 cxb6 34. Nxd6 Qc5+ 0-1

[Event "Titled Tuesday intern op 07th Dec"]
[Site "Chess.com INT"]
[Date "2021.12.07"]
[Round "2"]
[White "Shuvalov, Evgenij"]
[Black "Erece, Ece Alkim"]
[Result "1-0"]
[WhiteElo "2182"]
[BlackElo "1760"]
[PlyCount "57"]
[EventDate "2021.12.07"]
[EventType "swiss (blitz)"]
[EventRounds "11"]
[EventCountry "USA"]
[SourceTitle "CBM 205 Extra"]
[Source "ChessBase"]
[SourceDate "2022.01.31"]
[SourceVersion "1"]
[SourceVersionDate "2022.01.31"]
[SourceQuality "1"]

1. c4 g6 2. d4 Bg7 3. e4 c6 4. Nc3 d5 5. cxd5 cxd5 6. exd5 Nf6 7. Bb5+ Bd7 8. Bc4 0-0 9. Nf3 Bg4 10. Bg5 Nbd7 11. Bb3 Nb6 12. Bxf6 Bxf6 13. 0-0 a5 14. a3 a4 15. Ba2 Ra5 16. h3 Bc8 17. Re1 Qc7 18. Rc1 Nc4 19. Ne4 b5 20. d6 exd6 21. Nxf6+ Kg7 22. Ne8+ Rxe8 23. Rxe8 Be6 24. d5 Qd7 25. Rb8 Bf5 26. Nd4 Be4 27. Nc6 Ra6 28. Qd4+ f6 29. Qxe4 1-0

[Event "Titled Tuesday intern op 30th Nov"]
[Site "Chess.com INT"]
[Date "2021.11.30"]
[Round "2"]
[White "Erece, Ece Alkim"]
[Black "Melikhov, Evgeny V"]
[Result "0-1"]
[WhiteElo "1760"]
[BlackElo "2292"]
[PlyCount "116"]
[EventDate "2021.11.30"]
[EventType "swiss (blitz)"]
[EventRounds "11"]
[EventCountry "USA"]
[SourceTitle "CBM 205 Extra"]
[Source "ChessBase"]
[SourceDate "2022.01.31"]
[SourceVersion "1"]
[SourceVersionDate "2022.01.31"]
[SourceQuality "1"]

1. d4 Nf6 2. Nf3 d5 3. e3 c5 4. b3 Nc6 5. Bb2 cxd4 6. exd4 Bg4 7. Be2 e6 8. 0-0 Bd6 9. Nbd2 0-0 10. Ne5 Bxe2 11. Qxe2 Bxe5 12. dxe5 Nd7 13. Nf3 a6 14. Rfd1 b5 15. c4 bxc4 16. bxc4 Nb6 17. Rac1 Qe8 18. cxd5 Nxd5 19. Qe4 Nce7 20. Ba3 h6 21. Nd4 Rc8 22. Rxc8 Qxc8 23. Rc1 Qb7 24. Nb3 Rc8 25. Rc4 Rxc4 26. Qxc4 Qc6 27. Qxc6 Nxc6 28. Bd6 g5 29. f3 Kg7 30. Kf2 Kg6 31. g3 h5 32. Nc5 a5 33. h4 gxh4 34. gxh4 Kf5 35. Nd3 Nf4 36. Nxf4 Kxf4 37. a4 Nxe5 38. Bc7 Kf5 39. Bxa5 Nd3+ 40. Ke3 Nc5 41. f4 Nxa4 42. Bb4 Nb6 43. Bc5 Nd5+ 44. Kf3 Nxf4 45. Be3 Ng6 46. Bg5 f6 47. Bd2 Nxh4+ 48. Kg3 Ng6 49. Kf3 e5 50. Kg3 h4+ 51. Kf3 e4+ 52. Kg2 Kg4 53. Be3 f5 54. Bf2 f4 55. Bd4 e3 56. Kf1 h3 57. Kg1 Nh4 58. Kf1 h2 0-1

[Event "Titled Tuesday intern op 30th Nov"]
[Site "Chess.com INT"]
[Date "2021.11.30"]
[Round "1"]
[White "Erece, Ece Alkim"]
[Black "Taichman, Ori"]
[Result "0-1"]
[WhiteElo "1760"]
[BlackElo "2293"]
[PlyCount "122"]
[EventDate "2021.11.30"]
[EventType "swiss (blitz)"]
[EventRounds "11"]
[EventCountry "USA"]
[SourceTitle "CBM 205 Extra"]
[Source "ChessBase"]
[SourceDate "2022.01.31"]
[SourceVersion "1"]
[SourceVersionDate "2022.01.31"]
[SourceQuality "1"]

1. d4 Nf6 2. Nf3 g6 3. e3 Bg7 4. Be2 0-0 5. b3 b6 6. Bb2 Bb7 7. 0-0 d6 8. c4 Nbd7 9. Nc3 Ne4 10. Nxe4 Bxe4 11. Nd2 Bb7 12. Bf3 Qc8 13. Bxb7 Qxb7 14. Qf3 Qxf3 15. Nxf3 c5 16. Rad1 Rfd8 17. Rfe1 Nf6 18. Re2 Ne4 19. Ne1 f5 20. f3 Nf6 21. Red2 Bh6 22. Kf2 cxd4 23. Bxd4 Nd7 24. Nc2 Kf7 25. Nb4 Rac8 26. Nd5 e6 27. Nb4 Ke7 28. Re2 a5 29. Nc2 e5 30. Bb2 Nf6 31. Na3 Ke6 32. Nb5 d5 33. cxd5+ Rxd5 34. Rxd5 Nxd5 35. e4 fxe4 36. fxe4 Rf8+ 37. Ke1 Nf4 38. Rc2 Nd3+ 39. Kd1 Nb4 40. Re2 Rf1+ 41. Re1 Rf2 42. Bc3 Nxa2 43. Re2 Nxc3+ 44. Nxc3 Rf1+ 45. Kc2 Rc1+ 46. Kb2 Rh1 47. Nb5 Rxh2 48. Rc2 Be3 49. Nc7+ Kd7 50. Nd5 Bd4+ 51. Ka3 Rh1 52. Ka4 Rb1 53. Rc7+ Kd6 54. Rxh7 Rb2 55. Rg7 Rxg2 56. Nxb6 Bxb6 57. Kb5 Bd4 58. Kc4 Ke6 59. Rc7 Kf6 60. Rc5 Bxc5 61. Kxc5 Rb2 0-1

[Event "TUR-chT"]
[Site "Ankara"]
[Date "2018.08.04"]
[Round "12.4"]
[White "Erece, Ece Alkim"]
[Black "Sahin, Hayrun Nisa"]
[Result "1-0"]
[WhiteElo "1788"]
[BlackElo "1736"]
[PlyCount "91"]
[EventDate "2018.07.25"]
[EventType "team-tourn"]
[EventRounds "13"]
[EventCountry "TUR"]
[SourceTitle "CBM 185 Extra"]
[Source "ChessBase"]
[SourceDate "2018.07.29"]
[SourceVersion "1"]
[SourceVersionDate "2018.07.29"]
[SourceQuality "1"]
[WhiteTeam "Bursa Buyuksehir"]
[BlackTeam "Tarsus Zeka"]
[WhiteTeamCountry "TUR"]
[BlackTeamCountry "TUR"]

1. e4 c5 2. Nf3 d6 3. Bb5+ Bd7 4. Bxd7+ Qxd7 5. 0-0 Nc6 6. c3 Nf6 7. Re1 g6 8. d4 cxd4 9. cxd4 Bg7 10. Nc3 0-0 11. Bg5 h6 12. Bf4 Rfd8 13. Qd2 Kh7 14. Nd5 Nh5 15. Rad1 e6 16. Nc3 Nxf4 17. Qxf4 Bxd4 18. Nxd4 Nxd4 19. e5 dxe5 20. Qxe5 Rac8 21. h3 a6 22. Re4 Rc4 23. b3 Rb4 24. a3 Rb5 25. Rexd4 Qxd4 26. Rxd4 Rxe5 27. Rxd8 Re1+ 28. Kh2 Ra1 29. Rd7 Kg7 30. a4 Rc1 31. Ne4 b6 32. Rb7 Rc6 33. f3 g5 34. Nd2 b5 35. axb5 axb5 36. Rxb5 f5 37. Rb7+ Kf6 38. b4 Ke5 39. b5 Rc2 40. Rd7 Kf4 41. b6 g4 42. hxg4 fxg4 43. fxg4 e5 44. b7 Rb2 45. Rf7+ Kxg4 46. Nc4 1-0